| 000 | nam a22 7a 4500 | ||
|---|---|---|---|
| 999 |
_c328434 _d328434 |
||
| 003 | Nust | ||
| 005 | 20170407105421.0 | ||
| 008 | 170407b xxu||||| |||| 00| 0 eng d | ||
| 020 | _a9780007308972 | ||
| 040 | _cNust | ||
| 082 |
_a823.92 _bRUD |
||
| 100 | _aRudd, Matt; | ||
| 245 |
_a William Walker's first year of marriage / _bA Horror Stoty , _cMatt Rudd |
||
| 260 |
_aLondon. _bHarper Press; _c2009. |
||
| 300 | _a304 p. | ||
| 650 |
_aMarriage _vFiction |
||
| 942 |
_2ddc _cBK |
||